[Event "FRA-chT3 Gr12 0304"]
[Site "Loire"]
[Date "2004.01.18"]
[Round "4.6"]
[White "Wagner, Bruno"]
[Black "Martin, Gerard"]
[Result "1-0"]
[WhiteElo "1928"]
[BlackElo "1760"]
[PlyCount "122"]
[EventDate "2003.10.12"]
[EventType "team"]
[EventRounds "9"]
[EventCountry "FRA"]
[SourceTitle "EXT 2008"]
[Source "ChessBase"]
[SourceDate "2007.11.25"]
[SourceVersion "1"]
[SourceVersionDate "2007.11.25"]
[SourceQuality "1"]

1. d4 d5 2. Nc3 Nf6 3. e4 dxe4 4. f3 exf3 5. Nxf3 Bg4 6. h3 Bxf3 7. Qxf3 c6 8. Be3 e6 9. Bd3 Be7 10. 0-0-0 Nbd7 11. g4 Nb6 12. Rhf1 0-0 13. Ne4 Nbd5 14. Bd2 Nxe4 15. Qxe4 Nf6 16. Rxf6 g6 17. Rf3 Qb6 18. Bh6 Rfd8 19. c3 Rd7 20. Qe5 Bf8 21. g5 Rd5 22. Qf6 Qc7 23. Rdf1 Rd7 24. Bc4 Qd8 25. Bxe6 Qxf6 26. Rxf6 Bxh6 27. Bxd7 Bxg5+ 28. Kc2 Bxf6 29. Rxf6 Kg7 30. Rf2 Rd8 31. Bg4 f5 32. Bf3 Kf6 33. Re2 Rd7 34. h4 h6 35. Kd2 g5 36. hxg5+ hxg5 37. Rg2 Rg7 38. Ke3 Re7+ 39. Kf2 g4 40. Bxg4 fxg4 41. Rxg4 Kf5 42. Rg8 Kf4 43. Rf8+ Kg4 44. a4 a6 45. b3 Kg5 46. Rf3 Kg4 47. Re3 Rd7 48. Ke2 Kf4 49. Re5 Rh7 50. Kd3 Rh3+ 51. Kc4 b5+ 52. axb5 axb5+ 53. Kb4 Rh6 54. Rc5 Rd6 55. c4 bxc4 56. Kxc4 Ke4 57. Re5+ Kf4 58. Kc5 Rg6 59. Re8 Rh6 60. Rc8 Ke4 61. Rxc6 Rh5+ 1-0